Declaración oficial de Nicaragua frente a suspensión de Reunión de Contadora

Сохранить в:
Библиографические подробности
Формат: Текст
Опубликовано: s.l: s.e
Метки: Добавить метку
Нет меток, Требуется 1-ая метка записи!

MARC

LEADER 00000 a a2200000 04500
001 22284
003
040
090 |a 150900  
245 |a Declaración oficial de Nicaragua frente a suspensión de Reunión de Contadora  
260 |a s.l:   |b s.e  
300 |a 4 p.  
999 |c 10498  |d 10498